| 000 | 00436nam a2200181Ia 4500 | ||
|---|---|---|---|
| 008 | 230524s9999 xx 000 0 und d | ||
| 020 | _a9780070473812 | ||
| 082 |
_a537.78 _bBIT |
||
| 100 | _aDavid L.Loudon | ||
| 245 | 0 | _a"Consumer Behaviour," | |
| 250 | _a4TH | ||
| 260 |
_aNEW DELHI _bTMH _c2009 |
||
| 300 | _aXX;783 | ||
| 500 | _aQuantity Number: 15 | ||
| 650 | _aManagement | ||
| 700 | _a Albert J.Della Bitta | ||
| 942 | _cBK | ||
| 999 |
_c43978 _d43978 |
||